Darkness and the butterfly /

Small Osa is fearless during the day, climbing trees or exploring the African valley where she lives, but at night she becomes afraid of the strange and terrifying things that might lie in the dark.

Bibliographic Details
Main Author: Grifalconi, Ann
Format: Book
Language:English
Published: Boston : Little, Brown, [1987]
Edition:1st ed.
Subjects:

MARC

Tag First Indicator Second Indicator Subfields
LEADER 00000cam a2200000 a 4500
001 in00001128917
005 20150930072421.0
008 861103s1987 maua j 000 1 eng
010 |a  86027561  
020 |a 0316328634 :  |c $14.95 (est.) 
035 |a (OCoLC)14716520 
035 |9 AFW4156AM 
040 |a DLC  |c DLC  |d UtOrBLW 
049 |a TXAM 
050 0 0 |a PZ7.G8813  |b Da 1987 
082 0 |a [E]  |2 19 
100 1 |a Grifalconi, Ann. 
245 1 0 |a Darkness and the butterfly /  |c Ann Grifalconi. 
250 |a 1st ed. 
264 1 |a Boston :  |b Little, Brown,  |c [1987] 
264 4 |c ©1987 
300 |a 32 unnumbered pages :  |b color illustrations ;  |c 23 x 29 cm. 
336 |a text  |b txt  |2 rdacontent 
337 |a unmediated  |b n  |2 rdamedia 
338 |a volume  |b nc  |2 rdacarrier 
520 |a Small Osa is fearless during the day, climbing trees or exploring the African valley where she lives, but at night she becomes afraid of the strange and terrifying things that might lie in the dark. 
650 1 |a Fear  |x Fiction. 
650 1 |a Night  |x Fiction. 
651 1 |a Africa  |x Fiction. 
999 |a MARS 
999 f f |s d3a1dc09-74eb-3ea4-aa81-ee805ed3556a  |i 6d537ada-af12-3769-b519-f47f3847a17a  |t 0 
952 f f |p ric  |a Texas A&M University  |b Rellis Campus  |c Joint Library Facility  |d Remote Storage  |t 0  |e PZ7.G8813 Da 1987  |h Library of Congress classification  |i unmediated -- volume  |m A14817412621 
998 f f |a PZ7.G8813 Da 1987  |t 0  |l Remote Storage